000 00673nas a2200241 4500
001 BR8106707
003 BR-BrBNA
005 20231205084850.0
007 ta
008 230509b bl.|||p| |||| 00| 00por d
040 _aBR-BrBNA
_bpor
_cBiblioteca Nacional de Agricultura
041 _a(Pt)
072 _aM10
100 1 _aAnon.
245 1 _aPeixes no acude, uma excelente alternativa
650 _aTRAIRA
650 _aCRIACAO
650 _aACUDE
650 _aRIO GRANDE DO SUL
773 0 _tAgricultura e Cooperativismo (Brazil)
_xISSN 0100-5857
_g(Sep 1981), v. 6(65) p. 34-35
_wBR8106707
909 _a202311
_bLúcia
_c55
_dLúcia Elande
942 _2AGRIS
_n0
_cANA
999 _c107785
_d107785